000 00628nam a2200205Ia 4500
001 3041
003 GE_BSU
008 181216s||||||||xx |||||||||||||| ||und||
040 _cGE_BSU
080 _a665.71(035)
245 _aТоварные нефтепродукты, их свойства и применение.
245 _bСправочник.
245 _cПод ред. Н.Г.Пучкова.
260 _aМ.
260 _bХимия.
260 _c1971.
300 _a414 стр. 22 см.
653 _aТоварные нефтепродукты, их свойства и применение.
942 _cBK
999 _c37085
_d37085